| 000 | 00286 a2200097 4500 | ||
|---|---|---|---|
| 020 | _a1560512636 | ||
| 082 | _a625.7250973 AAS | ||
| 245 | _aA Policy on Geometric Design of Highways and Streets 2004 / | ||
| 260 |
_aWashington: _cAASHTO, _b2004 |
||
| 300 |
_a896p. : _bill. ; _c27cm _e1 CD-ROM |
||
| 650 | _ageometric design | ||
| 999 |
_c1945 _d1945 |
||